| 000 | 00840nam a2200253Ia 4500 | ||
|---|---|---|---|
| 001 | 2642 | ||
| 003 | GE_BSU | ||
| 008 | 181216s||||||||xx |||||||||||||| ||und|| | ||
| 020 | _a9789941406294 | ||
| 040 | _cGE_BSU | ||
| 080 | _a32.001 | ||
| 100 | _aჰეივუდი, ენდრიუ | ||
| 245 | _aპოლიტიკა. | ||
| 245 | _cმთარგმნელები:გია ჭუმბურიძე,ზაზა ჭელიძე. | ||
| 250 | _aგამოც. მე–3 | ||
| 260 | _aთბილისი | ||
| 260 | _bსაქართველოს უნ–ტი | ||
| 260 | _c2008 | ||
| 300 | _a577 გვ; 24სმ.ილ, | ||
| 300 | _eპოლიტ.ცნებათა ლექსიკონი გვ.542-570 | ||
| 541 | _h30 ლ. | ||
| 653 | _aპოლიტიკა | ||
| 942 | _cBK | ||
| 999 |
_c36712 _d36712 |
||